MARC

LEADER 00000nam0a2200000 4500
001 52751
005 20231031042855.0
035 |a (RuTPU)RU\TPU\book\55293 
035 |a RU\TPU\book\39521 
090 |a 52751 
100 |a 20030605d1970 m y0rusy50 ca 
101 0 |a rus 
102 |a RU 
105 |a a j 000zy 
200 1 |a Руководство к решению задач по теории вероятностей и математической статистике  |e учебное пособие для вузов  |f В. Е. Гмурман 
210 |a Москва  |c Высшая школа  |d 1970 
215 |a 239 с.  |c ил 
451 1 |0 (RuTPU)RU\TPU\book\34111  |t Руководство к решению задач по теории вероятностей и математической статистике  |o учебное пособие  |f В. Е. Гмурман  |e 2-е изд., доп.  |c М.  |n Высшая школа  |d 1975  |p 400 с.  |a Гмурман, Владимир Ефимович 
610 1 |a математика 
610 1 |a теория вероятностей 
610 1 |a математическая статистика 
610 1 |a статистические гипотезы 
610 1 |a случайные величины 
610 1 |a случайные функции 
610 1 |a корреляция 
610 1 |a задачи 
610 1 |a решения 
610 1 |a практические пособия 
610 1 |a учебные пособия 
675 |a 519.2(076)  |v 3 
700 1 |a Гмурман  |b В. Е.  |g Владимир Ефимович 
801 1 |a RU  |b 63413507  |c 20020314  |g PSBO 
801 2 |a RU  |b 63413507  |c 20130624  |g PSBO 
900 |a Теория вероятности и математическая статистика 
942 |c BK